000 00355nam a2200157Ia 4500
003 Ost
005 20260225132546.0
008 260225s9999||||xx |||||||||||||| ||und||
040 _cfsic
041 _afre
082 _a440
100 _aMostefa Lacheref
_eAuteur
245 0 _aAlgérie et tiers-monde /
245 0 _cMostefa Lacheref
942 _cكتاب
999 _c33857
_d33857